000 00614nam a22001937a 4500
999 _c121054
_d121054
005 20210114175600.0
008 210114b ||||| |||| 00| 0 eng d
020 _a9780803644663
040 _cPK-LaUMT
082 _a616.0756
_bSTE-C
100 _aStevens, Christine Dorresteyn
245 _aClinical immunology and serology :
_ba laboratory perspective /
_cby Christine Dorresteyn Stevens and Linda E. Miller
250 _a4th ed.
260 _aPhiladelphia :
_bF. A. Davis Company,
_c2017
300 _a545 p.
650 _aImmunity-Physiology
650 _aImmune system diseases-Diagnosis
942 _cBK